000 00836nam a2200253Ia 4500
003 OSt
005 20220923221859.0
006 a|||||r|||| 00| 0
007 ta
008 220922b |||||||| |||| 00| 0 snd d
024 _a200,768
037 _cTextual
040 _aARTS
_cARTS
_bsnd
041 _2snd
_asnd
082 _aO1593,2M96:g, 152N1
100 _aउत्तम, ए0जे0
_9165704
245 0 _aमंघाराम मल्कानी
246 _ahinghārām malkānī
260 _aनई दिल्ली
_b साकहित्य अकादमी
_c1991
300 _a49पृ0
_ccm.
490 _aभारतीय साहित्य के निर्माता
942 _hO1593,2M96:g, 152N1
_cTEXL
_2CC
999 _c352440
_d352440